Využití simulace v řízení diskretních výrob

Salvato in:
Dettagli Bibliografici
Natura: Libro
Lingua:ceco
Pubblicazione: Praha Ústav pro využití výpočetní techniky 1983
Serie:Metodická příručka
Tags: Aggiungi Tag
Nessun Tag, puoi essere il primo ad aggiungerne!!

MARC

LEADER 00000nam a2200000 4500
001 c105557
005 20041019155134.9
041 0 |a cze 
044 |a CZ 
245 1 0 |a Využití simulace v řízení diskretních výrob 
264 1 |a Praha  |b Ústav pro využití výpočetní techniky  |c 1983 
300 |a 48 s. 
490 1 |a Metodická příručka 
830 0 |a Metodická příručka